000 00796nam a2200277 i 4500
001 C2-0336621
003 PPAK
005 20180728135516.0
008 160628s2016 my a|||| ||||| | may d
020 _a9789673801305
040 _aPPAK
_beng
_cPPAK
_erda
082 0 4 _a959.5
_223
090 0 0 _a959.5
_bMAR
_dRK
100 0 _aMaruwiah Ahmat,
_eauthor
245 1 0 _aVariasi budaya warisan
264 1 _aButterworth, Pulau Pinang :
_bMega Publications ,
_c2016
300 _aiv, 84 pages :
_bcolour photographs ;
_c25 cm
336 _2rdacontent
_atext
337 _2rdamedia
_aunmediated
338 _2rdacarrier
_avolume
490 1 _aSiri unik Malaysiaku
500 _aReferences pages
650 1 0 _aMalaysia - Social and life.
830 0 _aSiri unik Malaysiaku
942 _ddc
_cB
999 _c134363
_d134363